000 00595nam a22001337a 4500
040 _cRUA
082 _aGRS CHU 2010 B359 Or.1
100 _aCHUN SUVANG; ឈុន សុវ៉េង
245 _aEffectiveness of rice to the growth of oyster mushromm spawns, ឥទ្ធិពលនៃប្រភេទស្រូវទៅលើការលូតលាស់របស់មេផ្សិតអំបោះ
260 _aPhnom Penh
_bRUA
_c2010
300 _aix; 31p.
_bill.
_c29cm.
856 _uhttps://drive.google.com/file/d/1-iBbHEP1tl7SE3XrMeyzfTy6CI0fb1xg/view?usp=sharing
942 _cGRS
999 _c6131
_d6131